MESTSKÁ KNIŽNICA GIRALTOVCE  - online katalóg 

Normal view MARC view

Entry Chronological Term

Number of records used in: 1

001 - CONTROL NUMBER

  • control field: 4804

003 - CONTROL NUMBER IDENTIFIER

  • control field: OSt

005 - DATE AND TIME OF LATEST TRANSACTION

  • control field: 20250924105406.0

008 - FIXED-LENGTH DATA ELEMENTS

  • fixed length control field: 250924|| aca||aabn | a|a d

040 ## - CATALOGING SOURCE

  • Original cataloging agency: OSt
  • Transcribing agency: OSt

148 ## - HEADING--CHRONOLOGICAL TERM

  • Chronological term: po 1945

670 ## - SOURCE DATA FOUND

  • Source citation: Work cat.: (OSt)0: Caltíková, Milada aut 1412, Sprievodca dielami slovenskej a svetovej literatúry Výber 3 (Svetová literatúra po roku 1945), 1998

Powered by Koha